00946cam a22003131 45000010008000000030004000080050017000120080041000290100017000700350012000870350019000990400018001180420012001360500017001480820012001651000027001772450058002042600045002623000029003073360026003363370028003623380027003905000057004176500055004747000029005299060045005589420012006039990017006155973344OSt20260624093759.0790202s1940 nyu 000 0 eng  a 40008778  a5973344 a(OCoLC)4611868 aDLCcTNJdDLC apremarc00aPC2001b.F88 a448.2421 aDavis, Gifford.95761510aTHE FRENCH REVIEWc[by] Gifford Davis [and] Neal Dow. a[New York]bH. Holt and companyc[c1940] aix, 172, xlix p.c20 cm. atextbtxt2rdacontent aunmediatedbn2rdamedia avolumebnc2rdacarrier aAt head of title: Emphasizing the reading objective. 0aFrench languagexComposition and exercises.9164901 aDow, Neal,d1906-957617 a7bcbccoclcrplduencipf19gy-gencatlg 2lcccBK c54583d54583